| 000 | 00421mam a2200145 i 4500 | ||
|---|---|---|---|
| 082 |
_a625.732 _bPOR _cD |
||
| 110 | 2 |
_aPortland Cement Association. _920051 |
|
| 245 | 1 | 0 | _aSoil-cement laboratory handbook. |
| 260 |
_aChicago : _bthe Association, _c1959. |
||
| 300 |
_a62 p. : _bill., maps ; _c26 cm. |
||
| 526 |
_a0 _b0 _c0 _d625_732000000000000_POR |
||
| 650 | 0 |
_aMCE _9379 |
|
| 650 | 0 |
_aSoil cement. _943657 |
|
| 942 |
_2ddc _cBK |
||
| 999 |
_c547471 _d547471 |
||